000 01023nam a22002177a 4500
999 _c62416
_d62416
003 Ge_BSU
005 20241028114901.0
008 241028s1980 ge ||||| |||| 00| 0 geo d
041 _ageo
080 _a615:54(075.8) მ-94
100 _aმშვიდობაძე, ა.
_923524
245 _aფარმაცევტული ქიმიის კურსი :
_b [სახელმძღვ. სამედ. ინ-ტის სტუდენტებისათვის] /
_c ა. მშვიდობაძე ; რედ. გ. ჭუმბურიძე
255 _aმე-3 გადამუშ. და შევს. გამოც.
264 _aთბილისი:
_b განათლება,
_c1980.
300 _a519 გვ. ;
_b22 სმ.
653 _aფარმაცევტული ქიმია
653 _aმედიცინა
653 _aქიმია
700 _aჭუმბურიძე, გ
_eრედაქტორი
_923525
942 _2udc
_cBK